Statistics for Countries Of The World Whose English Word For Their Citizens(Demonym)Ends in -ese

Click here to take the quiz!

General Stats

  • This quiz has been taken 65 times
  • The average score is 10 of 23

Answer Stats

Answer% Correct
Japan
94%
China
83%
Vietnam
83%
Portugal
72%
Taiwan
60%
Lebanon
55%
Nepal
53%
Senegal
51%
Sudan
49%
South Sudan
47%
Bhutan
43%
Malta
43%
Myanmar
40%
Gabon
36%
Suriname
34%
Togo
32%
Guyana
30%
Benin
26%
Marshall Islands
17%
Democratic Republic Of The Congo
15%
Republic of The Congo
13%
Timor Leste
9%
San Marino
8%

Score Distribution

Percentile by Number Answered

Percent of People with Each Score

Your Score History

You have not taken this quiz